Missing Word: Celebrities (A-Z) Quiz Stats

 Plays Quiz Updated Jun 29, 2012

Support Sporcle.
Go Orange.
Score 0/26 Timer 02:00
0 Plays Today
Name Word % Correct
_______ ClooneyGeorge
97.9%
_______ JolieAngelina
97.1%
Paris _______Hilton
96.7%
Celine _______Dion
96%
Tyra _______Banks
94.9%
_______ DeGeneresEllen
94.9%
_______ WinfreyOprah
94.8%
_______ ObamaMichelle
93.8%
_______ SpielbergSteven
92%
Donald _______Trump
90.9%
Janet _______Jackson
90.3%
J.K. _______Rowling
89.7%
Jay _______Leno
85.6%
Name Word % Correct
_______ TarantinoQuentin
83.3%
_______ BryantKobe
78.7%
Al _______Pacino
78.1%
Vince _______Vaughn
73.7%
Megan _______Fox
70%
_______ BoltUsain
67.4%
Rafael _______Nadal
67.2%
_______ AllenWoody
65.7%
Mark _______ Zuckerberg
62.5%
_______ RonaldoCristiano
56.8%
_______ MingYao
51.3%
_______ SuzukiIchiro
31.7%
Liu _______Xiaobo
2.1%

Today's Daily Dose

You're not logged in!

Compare scores with friends on all Sporcle quizzes.
OR
Log In

From the Vault

Queen Elizabeth II Prime Ministers

by TJL

We could also call this British Prime Ministers of the last 65 years.
Remove Ads.
Support Sporcle.
Get the best of Sporcle when you Go Orange. This ad-free experience offers more features, more stats, and more fun while also helping to support Sporcle. Thank you for becoming a member.

Show Comments

Extras

Top Quizzes Today


Score Distribution

Your Account Isn't Verified!

In order to create a playlist on Sporcle, you need to verify the email address you used during registration. Go to your Sporcle Settings to finish the process.

Report this User

Report this user for behavior that violates our Community Guidelines.

Details: